| 000 | 00987cam a2200265 a 4500 | ||
|---|---|---|---|
| 001 | 000017666 | ||
| 005 | 20200929165204.0 | ||
| 008 | 921231s1993 wauac b i001 0 spa d | ||
| 020 | _a0827031769 | ||
| 040 |
_aDO-SdBNP _bspa _cDLC _dBNPHU |
||
| 082 |
_aN861.44 _bA679a |
||
| 100 | 1 |
_aArellano, Jorge Eduardo _d1946- _910715 |
|
| 245 | 1 | 0 |
_aAzul... de Rubén Darío : _bnuevas perspectivas / _cJorge Eduardo Arellano ; editor Carlos E. Paldao. |
| 260 |
_aWashington, D.C. : _bOrganización de los Estados Americanos, _c1993. |
||
| 300 |
_avii, 128 p. : _bil., retrs ; _c23 cm. |
||
| 490 | 1 |
_aINTERAMER _v23 |
|
| 504 | _aIncluye referencias bibliográficas (p. 119 - 128). | ||
| 600 | 1 | 4 |
_aDARIO, RUBEN _d1867-1916. _tAZUL _xCRÍTICA E INTERPRETACIÓN _938485 |
| 650 | 4 |
_aPoesía nicaragüense _98179 |
|
| 650 | 4 |
_aLiteratura nicaragüense _98122 |
|
| 700 | 1 |
_aPaldao, Carlos E. _eed. _938486 |
|
| 830 | 0 |
_aINTERAMER ; _v23 _93423 |
|
| 910 | _aCatalogación por copia / LC | ||
| 049 | _aBNGR | ||
| 999 |
_c17191 _d17191 |
||